000 00419pab a2200157 454500
008 180718b1996 xxu||||| |||| 00| 0 eng d
100 _aNarender, A.
245 _aNature and dimensions of inner city decay: the case of Bombay
260 _c1996
300 _ap.40-63
362 _aJan-Mar
650 _aCities and towns - India - Maharashtra
650 _aUrban development
773 _aNagarlok
909 _a31927
999 _c31927
_d31927